Music Quiz

Random Music or Song Quiz
Score 0/53 Timer 12:00
0 Plays Today
Time Song % Correct
2:57-3:04We Are Family
82.8%
1:07-1:15Yellow Submarine
80.2%
0:00-0:07Rockin' Robin
73.9%
6:44-6:51Crazy
73.4%
0:50-0:58Dancing in the Street
73%
3:39-3:4799 Luftballons
72.9%
1:24-1:32Born to Be Wild
72.5%
6:36-6:43Since U Been Gone
68.1%
0:42-0:49Puff (The Magic Dragon)
68.1%
5:46-5:53Kiss Me
67.5%
6:19-6:26Beautiful
66.3%
7:09-7:17Bad Romance
65.3%
6:11-6:18Complicated
65.2%
5:20-5:28I Believe I Can Fly
63.1%
4:47-4:54Tears in Heaven
62.7%
3:31-3:38Do You Really Want to Hurt Me
59.4%
2:40-2:47Fly Like an Eagle
58.9%
4:30-4:37The Power
58%
0:59-1:06Like a Rolling Stone
57.1%
5:03-5:11All I Wanna Do
55.6%
3:22-3:30Rosanna
52.9%
2:06-2:13Goodbye Yellow Brick Road
51.6%
1:49-1:56Take Me Home, Country Roads
51%
6:27-6:35The Reason
50.7%
1:41-1:48Who'll Stop the Rain
49.1%
4:13-4:20Pour Some Sugar on Me
48.3%
5:54-6:01Breathe
46.7%
Time Song % Correct
5:37-5:45You're Still the One
42.8%
5:29-5:36How Do I Live
42.3%
3:48-3:55Raspberry Beret
39.5%
4:38-4:46Right Here, Right Now
38.1%
2:32-2:39All by Myself
37.4%
2:48-2:56Double Vision
37.2%
6:02-6:10Hanging by a Moment
37.1%
3:14-3:21Slow Hand
35%
3:05-3:13Working My Way Back to You/Forgive Me, Girl
34.2%
6:52-7:00Fergalicious
33.6%
7:01-7:08Forever
33.2%
4:05-4:12Somewhere Out There
32.1%
0:17-0:25Chain Gang
31.6%
0:34-0:41Limbo Rock
29.4%
1:33-1:40You've Made Me So Very Happy
29%
3:56-4:04Everybody Have Fun Tonight
28.5%
4:21-4:29Love Song
27.9%
0:26-0:33Crying
27%
4:55-5:02Nuthin' but a 'G' Thang
25.5%
1:16-1:23Never My Love
20.3%
7:18-7:24Today Was a Fairytale
16.4%
0:08-0:16Put Your Head on My Shoulder
15.4%
2:23-2:31You're the First, the Last, My Everything
12.9%
2:14-2:22Jazzman
12.6%
5:12-5:19Water Runs Dry
12.4%
1:57-2:05Clair
11.5%

You're not logged in!

Compare scores with friends on all Sporcle quizzes.
OR
Log In

Sporcle TV

Today on Sporcle TV


Watch our educational content, quiz creation guides, and fun videos on Sporcle TV.

Show Comments

Extras

Top Quizzes Today


Score Distribution

Paid Content

Your Account Isn't Verified!

In order to create a playlist on Sporcle, you need to verify the email address you used during registration. Go to your Sporcle Settings to finish the process.

Report this User

Report this user for behavior that violates our Community Guidelines.

Details: